[Event "Cagliari Bitti Memorial-B 1st"]
[Site "Cagliari"]
[Date "2001.03.17"]
[Round "1"]
[White "Enis, Aldo"]
[Black "Sanfilippo, Carlo"]
[Result "1/2-1/2"]
[WhiteElo "1504"]
[BlackElo "1533"]
[PlyCount "76"]
[EventDate "2001.03.17"]
[EventType "swiss"]
[EventRounds "7"]
[EventCountry "ITA"]
[SourceTitle "EXT 2023"]
[Source "ChessBase"]
[SourceDate "2022.10.05"]
[SourceVersion "1"]
[SourceVersionDate "2022.10.05"]
[SourceQuality "1"]

1. d4 d5 2. c4 e6 3. Nc3 Nf6 4. Nf3 Nbd7 5. e3 Bb4 6. Bd2 0-0 7. Be2 dxc4 8. Bxc4 Nb6 9. Bd3 Bxc3 10. Bxc3 Nbd5 11. Bd2 b6 12. 0-0 Bb7 13. Ne5 Qd6 14. Rc1 c5 15. Nf3 Rac8 16. Qe2 h6 17. Bb1 cxd4 18. Nxd4 Nf4 19. exf4 Qxd4 20. Bc3 Qxf4 21. Rcd1 Qg5 22. f3 Rxc3 23. bxc3 Qc5+ 24. Kh1 Qxc3 25. Rd2 Ba6 26. Qxa6 Qxd2 27. Qxa7 Nd5 28. Qa4 Ne3 29. Rg1 Rd8 30. Qb3 Nd1 31. h3 Nf2+ 32. Kh2 Qd6+ 33. g3 Qd5 34. Qxb6 Nxh3 35. Be4 Qg5 36. Kxh3 Qh5+ 37. Kg2 Rd2+ 38. Kf1 Rd1+ 1/2-1/2

[Event "Cagliari Province-ch"]
[Site "Sinnai"]
[Date "2001.01.21"]
[Round "3"]
[White "Enis, Aldo"]
[Black "Mascia, Giancarlo"]
[Result "1-0"]
[WhiteElo "1504"]
[BlackElo "1356"]
[PlyCount "51"]
[EventDate "2001.01.20"]
[EventType "swiss"]
[EventRounds "7"]
[EventCountry "ITA"]
[SourceTitle "EXT 2023"]
[Source "ChessBase"]
[SourceDate "2022.10.05"]
[SourceVersion "1"]
[SourceVersionDate "2022.10.05"]
[SourceQuality "1"]

1. d4 Nf6 2. c4 g6 3. Nc3 Bg7 4. e4 d6 5. Nf3 0-0 6. Be2 Nbd7 7. 0-0 e5 8. d5 c6 9. dxc6 bxc6 10. Qxd6 Bb7 11. Rd1 Re8 12. Bg5 Qc8 13. b4 h6 14. Bh4 Re6 15. Qd3 Qc7 16. c5 Nh5 17. Qxd7 Qxd7 18. Rxd7 Bc8 19. Rd8+ Kh7 20. Ba6 Bb7 21. Rxa8 Bxa8 22. Bc4 Re7 23. Bxe7 Nf4 24. Bxf7 Nd3 25. a3 Bb7 26. Rd1 1-0